ბათუმის შოთა რუსთაველის სახელმწიფო უნივერსიტეტის ბიბლიოთეკა

მითოპოეტური მოდელები და სახე-სიმბოლოები ნონოს პანოპოლისელის "დიონისიაკაში" = Mytho-poetic models and iconic symbols in Dionysiaca by Nonnus of Panopolis / (ბიბ.ჩანაწერი № 55039)

000 -ლიდერი
ფიქსირებული სიგრძის საკონტროლო ველი 02602nam a2200313Ia 4500
001 - საკონტროლო ნომერი
საკონტროლო ველი 22114
003 - საკონტროლო ნომრის იდენტიფიკატორი
საკონტროლო ველი GE_BSU
005 - ბოლო ოპერაციის თარიღი და დრო
საკონტროლო ველი 20221028144112.0
008 - ფიქსირებული სიგრძის მონაცემთა ელემენტები - ზოგადი ინფორმაცია
ფიქსირებული სიგრძის საკონტროლო ველი 181216s2013||||ge |||||||||||||| ||geo||
020 ## - წიგნის საერთაშორისო სტანდარტული ნომერი
International Standard Book Number 9789941437359
040 ## - კატალოგიზაციის წყარო
Transcribing agency GE_BSU
041 ## - ენის კოდი
Language code of text/sound track or separate title geo
080 ## - უნივერსალური ათობითი კლასიფიკაციის ინდექსი
Universal Decimal Classification number 821.14.01.09 ე-14
100 ## - მთავარი ჩანაწერი - პიროვნების სახელი
Personal name ეგეტაშვილი, ნესტან
9 (RLIN) 15642
245 ## - ცნობა სათაურის შესახებ
Title მითოპოეტური მოდელები და სახე-სიმბოლოები ნონოს პანოპოლისელის "დიონისიაკაში" = Mytho-poetic models and iconic symbols in Dionysiaca by Nonnus of Panopolis /
Statement of responsibility, etc ნესტან ეგეტაშვილი ; რედ. რუსუდან ცანავა.
264 ## - წარმოების, გამოცემის, დისტრიბუციის და სხვა ცნობები
გამოცემის, წარმოების, დისტრიბუციის... ადგილი თბილისი :
გამოცემის, წარმოების, დისტრიბუციის... სახელწოდება პროგრამა "ლოგოსი,
გამოცემის, წარმოების, დისტრიბუციის... თარიღი 2013.
300 ## - ფიზიკური აღწერა
Extent 336 გვ. :
Other physical details ილ. ;
Dimensions 20 სმ.
490 ## - სერიის ცნობა
Series statement როგრამა "ლოგოსი" პუბლიკაციები და ღონისძიებები კლასიკური ფილოლოგიის, ბიზანტინისტიკისა და ნეოგრეცისტიკის სფეროში
500 ## - ზოგადი შენიშვნა
General note გარეკანზე ჯიქზე მჯდარი დიონისეს მოზაიკური გამოსახულება, ძვ.წ. III ს. ქვის ორსახიანი სტელა დიონისესა და არიადნეს გამოსახულებით, ახ.წ. II ს.
504 ## - BIBLIOGRAPHY, ETC. NOTE
Bibliography, etc ბიბლიოგრაფია ტექსტების შენიშვნებში და გვ. : 326-336
546 ## - LANGUAGE NOTE
Language note პარალელური თავფურცელი და რეზიუმე ინგლისურ ენაზე
653 ## - INDEX TERM--UNCONTROLLED
Uncontrolled term ბერძნული ლიტერატურა
653 ## - INDEX TERM--UNCONTROLLED
Uncontrolled term მითოპოეტური მოდელები და სახე-სიმბოლოები ნონოს პანოპოლისელის "დიონისიაკაში"
653 ## - INDEX TERM--UNCONTROLLED
Uncontrolled term ძველი ბერძნული ლიტერატურის ისტორია და კრიტიკა
700 ## - ADDED ENTRY--PERSONAL NAME
Personal name ცანავა, რუსუდან
Relator term რედაქტორი
9 (RLIN) 13931
710 ## - ADDED ENTRY--CORPORATE NAME
Corporate name or jurisdiction name as entry element თსუ
Subordinate unit კლას. ფილოლ., ბიზანტ. და ნეოგრეც. ინ-ტი
9 (RLIN) 5530
942 ## - ADDED ENTRY ELEMENTS (KOHA)
Koha item type წიგნი
Source of classification or shelving scheme
ეგზემპლარები
ჩამოწერის სტატუსი დაკარგული ეგზემპლარის სტატუსი კლასიფიკაციის წყარო ან თაროზე გაწყობის სქემა დაზიანების სტატუსი არ გაიცემა მუდმივი მდებარეობა (დაცვის ადგილი) ამჟამინდელი ადგილსამყოფელი თაროზე განთავსების ადგილი შეძენის თარიღი ღირებულება, შესყიდვის ნორმალური ფასი სრული შენახვის შიფრი შტრიხკოდი ბოლო ოპერაციის თარიღი ეგზემპლარის მიმდევრობითი ნომერი (კეტერი?) ფასის ძალაში შესვლის თარიღი ეგზემპლარის სახეობა საჯარო შენიშვნა
          ბათუმის შოთა რუსთაველის სახელმწიფო უნივერსიტეტის მთავარი ბიბლიოთეკა ბათუმის შოთა რუსთაველის სახელმწიფო უნივერსიტეტის მთავარი ბიბლიოთეკა წიგნსაცავი 2018-12-17 6.90 821.14.01.09 ე-14 57043 2018-12-17 57043 2018-12-17 წიგნი  
          ბათუმის შოთა რუსთაველის სახელმწიფო უნივერსიტეტის მთავარი ბიბლიოთეკა ბათუმის შოთა რუსთაველის სახელმწიფო უნივერსიტეტის მთავარი ბიბლიოთეკა წიგნსაცავი 2018-12-17 6.90 821.14.01.09 ე-14 57044 2018-12-17 57044 2018-12-17 წიგნი 6.90 ₾.